Downton Abbey Character Profile: Lady Mary Quiz Stats

 Plays Quiz not verified by Sporcle

Challenge
Share
Tweet
Embed
Score 0/20 Timer 10:00
0 Plays Today
Hints % Correct
Housemaid that dresses her:Anna
79%
Cousin/FiancéeMatthew Crawley
78.6%
Disliked sister:Edith Crawley
67%
Brother-in-law:Tom Branson
61.4%
Grandmother:Violet Crawley
61.2%
Says 'You cannot be so contrary' to...Violet Crawley
61.2%
Notices a spark between her sister and her soon-to-be husband along with Violet Crawley
61.2%
Soon-to-be mother in lawIsobel Crawley
60.8%
Met Sir Richard in...London
52%
Originally going to be married to...Patrick Crawley
49.3%
Hints % Correct
Is appalled that her sister marries the...Chauffer
42.4%
Parents:Robert and Cora Crawley
38.8%
Sisters:Edith and Sybil Crawley
38.1%
Horses name:Diamond
32.4%
FiancéeSir Richard Carlisle
26.2%
Gives Matthew a...Lucky Charm
22.5%
He died on....The Titanic
21.9%
Turkish diplomatKamal Pamuk
20.2%
Full Name + Title:Lady Mary Josephine Crawley
16.8%
Her fathers dogs:Pharaoh and Isis
8.1%

You're not logged in!

Compare scores with friends on all Sporcle quizzes.
OR
Log In

You Might Also Like...

Show Comments

Extras

Created May 18, 2012ReportNominate
Tags:TV Show Quiz, Downton Abbey

Top Quizzes Today


Score Distribution

Your Account Isn't Verified!

In order to create a playlist on Sporcle, you need to verify the email address you used during registration. Go to your Sporcle Settings to finish the process.

Report this User

Report this user for behavior that violates our Community Guidelines.

Details: